000
00210 a2200097 4500
001
47482
100
_a
Greenwall H
245
_a
When France fell
260
_a
London
_b
Allen Wingate
_c
090
_c
30504
_d
30504
942
_a
NUST-CAE
_c
M
_c
22786
999
_c
282555
_d
282555